Business Research Cases/ (Record no. 197761)

MARC details
000 -LEADER
fixed length control field 00554nam a22001937a 4500
005 - DATE AND TIME OF LATEST TRANSACTION
control field 20230912142439.0
010 ## - LCCN (DPL NO)
LC control number ENG-137937
020 ## - INTERNATIONAL STANDARD BOOK NUMBER
International Standard Book Number 9788193618509
Terms of availability 495.00
035 ## - SYSTEM CONTROL NUMBER
System control number EN-121469
037 ## - SOURCE OF ACQUISITION
Source of stock number/acquisition DBAD/PUB
082 ## - DEWEY DECIMAL CLASSIFICATION NUMBER
Classification number 658.0072
100 ## - MAIN ENTRY--PERSONAL NAME
Personal name Dangi, H.K
245 ## - TITLE STATEMENT
Title Business Research Cases/
Statement of responsibility, etc H.K Dangi
260 ## - PUBLICATION, DISTRIBUTION, ETC. (IMPRINT)
Place of publication, distribution, etc Ghaziabad
Name of publisher, distributor, etc Index International
Date of publication, distribution, etc 2023
270 ## - ADDRESS
City Ghaziabad
Postal code 201012
Address A-80 002, Olive country
300 ## - PHYSICAL DESCRIPTION
Extent 168p.
Dimensions 22(Pbk)
700 ## - ADDED ENTRY--PERSONAL NAME
Personal name Malik,Anuradha
9 (RLIN) 55769
942 ## - ADDED ENTRY ELEMENTS (KOHA)
Source of classification or shelving scheme Dewey Decimal Classification
Item type English Books
Classification part 658.0072
Call number suffix DAN
Holdings
Withdrawn status Lost status Not for loan Collection code Home library Current library Date acquired Source of acquisition Cost, normal purchase price Full call number Barcode Copy number Cost, replacement price Koha item type
      Non-fiction Central Jail Tihar Central Jail Tihar 01/09/2023 DBAD/PUB 495.00 658.0072 DAN EN-121469 1 495.00 English Books

© Delhi Public Library
Hit Counter
free hit counter